000 00639nam a2200241Ia 4500
003 OSt
005 20230525142247.0
008 210423s2002 xx 000 0 und d
040 _cAL
041 _aeng
082 _a307.1772
_223
_bPATG
100 _aPATEL (M L)
_9113793
245 _aGlobal perception of tribal research in india
250 _a1
260 _aNew Delhi
_bAtlantic Publishers and Distributors
_c2002
300 _avi,32
365 _b450
_cINR
440 _v1
650 _aCommunities
_9113794
650 _aSociology
_9113795
906 _aGlobal ; india ; perception ; research ; tribal
942 _2ddc
_cBK
999 _c173183
_d173183